000 00856nam a2200229 a 4500
001 000016780
005 20200929164947.0
008 100310s1985 dr a 000 0 spa d
040 _aDO-SdBNP
_bspa
_cBNPHU
082 _a346.017
_bP295r
245 0 0 _aPaternidad responsable :
_b(un estudio sobre la Ley 2402) /
_cMagaly Caram.
260 _aSanto Domingo :
_bEdiciones Populares Feministas,
_bEdiciones de CIPAF,
_c1985.
300 _a118 p. :
_bil. ;
_c21 cm.
490 1 _aTeoría
500 _aAsociación Pro-Bienestar de la Familia (Profamilia)
500 _aCentro de Investigación para la Acción Femenina (CIPAF)
650 4 _aPaternidad (derecho)
_zRepública Dominicana
_937185
650 4 _aReconocimiento de hijos
_zRepública Dominicana
_937186
700 1 _aCaram, Magaly
_937187
830 0 _aTeoría
_935948
999 _a1
_n0000242
_c16312
_d16312
049 _aBNPD